Southville International School and Colleges
Your cart is empty.
  • Cart
  • Lists
    Public lists Eva Luna New books Lux_list list_1
    Your lists Log in to create your own lists
  • Log in to your account
  • Your cookies
  • Search history
Southville International School and Colleges
  • Advanced search
  • Recent comments
  • Most popular
  • Libraries

Log in to your account

Log in with GOOGLE


If you do not have an external account, but do have a local account, you can still log in:

  1. Home
  2. MARC view: Academic's dictionary of computers :
Normal view MARC view ISBD view

Academic's dictionary of computers : (Record no. 358027)

[ view plain ]
MARC details
000 -LEADER
fixed length control field 00666nam a2200241Ia 4500
008 - FIXED-LENGTH DATA ELEMENTS--GENERAL INFORMATION
fixed length control field 180620s9999 xx 000 0 und d
050 ## - LIBRARY OF CONGRESS CALL NUMBER
Classification number REF QA 76.15
050 ## - LIBRARY OF CONGRESS CALL NUMBER
Item number .M44 2003
100 ## - MAIN ENTRY--PERSONAL NAME
Personal name Mehta, Subhash.
245 #0 - TITLE STATEMENT
Title Academic's dictionary of computers :
245 #0 - TITLE STATEMENT
Remainder of title comprehensive and fully illustrated /
245 #0 - TITLE STATEMENT
Statement of responsibility, etc Subhash Mehta.
260 ## - PUBLICATION, DISTRIBUTION, ETC. (IMPRINT)
Place of publication, distribution, etc New Delhi, India:
260 ## - PUBLICATION, DISTRIBUTION, ETC. (IMPRINT)
Name of publisher, distributor, etc Academic Publishers.
260 ## - PUBLICATION, DISTRIBUTION, ETC. (IMPRINT)
Date of publication, distribution, etc 2003
300 ## - PHYSICAL DESCRIPTION
Extent 436 pages :
300 ## - PHYSICAL DESCRIPTION
Other physical details illustrations ;
300 ## - PHYSICAL DESCRIPTION
Dimensions 22 cm.
650 ## - SUBJECT ADDED ENTRY--TOPICAL TERM
Topical term or geographic name as entry element Electronic data processing --
650 ## - SUBJECT ADDED ENTRY--TOPICAL TERM
Topical term or geographic name as entry element Electronic digital computers --
650 ## - SUBJECT ADDED ENTRY--TOPICAL TERM
General subdivision Dictionaries.
650 ## - SUBJECT ADDED ENTRY--TOPICAL TERM
General subdivision Dictionaries.
Holdings
Withdrawn status Lost status Damaged status Home library Current library Shelving location Date acquired Cost, normal purchase price Total Checkouts Full call number Barcode Date last seen Price effective from Koha item type
      South Mansfield College South Mansfield College Reference Section 03/07/2005 424.00   REF QA 76.15 .M44 2003 SMC01931 06/20/2018 06/20/2018 Books

Academic's dictionary of computers :

APA

Mehta S., .Academic's dictionary of computers. New Delhi, India: .

Chicago

Mehta Subhash, .Academic's dictionary of computers. New Delhi, India: .

Harvard

Mehta S., .Academic's dictionary of computers. New Delhi, India: .

MLA

Mehta Subhash, .New Delhi, India: . .

  • Place hold
  • Print
  • Cite
  • Add to your cart (remove)
  • Save record
    BIBTEX Dublin Core MARCXML MARC (non-Unicode/MARC-8) MARC (Unicode/UTF-8) MARC (Unicode/UTF-8, Standard) MODS (XML) RIS
  • More searches
    Search for this title in:
    Other Libraries (WorldCat) Other Databases (Google Scholar) Online Stores (Bookfinder.com) Open Library (openlibrary.org)

Exporting to Dublin Core...

SOUTHVILLE LIBRARY

Southville International School and Colleges Library

1281 Tropical Ave. Cor. Luxembourg St., BF Homes International, Las Pinas City

Tel. No. 8256374 / 252358 Loc. 117/146

Powered by Koha